| 000 | 00659nam a22001577a 4500 | ||
|---|---|---|---|
| 008 | 260604b |||||||| |||| 00| 0 eng d | ||
| 020 | _a9781800412293 | ||
| 050 |
_aP115.5 _b.R48 2021 |
||
| 245 |
_aRethinking language use in digital Africa : _bTechnology and communication in Sub-Saharan Africa / _cLeketi Makalela ...[et al.]. |
||
| 260 |
_aBristol,UK. : _bMultilingual Matters , _c2021. |
||
| 300 |
_axviii,197p. : _bill.; _c23cm. |
||
| 440 | _aNew perspectives on language and education | ||
| 504 | _aIncludes bibliographical references and index | ||
| 650 | _aMultilingualiasm-Africa,Sub-Saharan | ||
| 942 |
_2lcc _cBOOKS _hP115.5 .R48 2021 |
||
| 999 |
_c32488 _d32488 |
||